000 00631nam a2200229Ia 4500
005 20240215093619.0
008 131103s9999 xx 000 0 und d
020 _a8173916128
_cRs.900.00
040 _aLoreto College
041 _aEnglish
082 _a370.9
_bSHA
100 _aSharma,Y.K.
245 _aComparative Education,
_cY.K.Sharma
250 _a A comparative study of educational systems
260 _aNew Delhi
_bKanishka Publishers,Distributors
_c2008
300 _axxii,427p
504 _aIncludes index
650 _aEducation
651 _aComparative education
850 _aLCLIB
942 _cBK
999 _c36257
_d86736